000 00452nam a2200181Ia 4500
001 1951
005 20260306143806.0
008 260306t2012||||xx |||||||||||||| ||spa||
041 _aESP
082 _a158.4
_bA49D
100 _aÁlvarez de Mon Pan de Soraluce, Santiago
_eAUT
245 0 _aDesde la adversidad:
_bliderazgo, cuestión de carácter
260 _c2012
300 _a
_c
650 _aGEN
654 _aCPS
942 _cLIB
_dJUS
_fJUS
_2ddc
_n
999 _c1951
_d1951